Quiz sur le Territoire de Belfort - Statistiques

Statistiques générales
  • Ce quiz a été pris 398 fois
  • Le résultat moyen est 14 sur 20
Statistiques - réponses
Question % Correct
Numéro du département 90
98%
Préfecture Belfort
94%
Pays limitrophe Suisse
94%
Région Bourgogne-Franche-Comté
89%
Départements limitrophes Doubs
87%
Emblème animalier de la préfecture dont une statue est devenue une véritable attraction touristique. Lion
85%
Haute-Saône
84%
Haut-Rhin
84%
Massif montagneux présent sur l'extrême sud du département Massif du Jura
82%
Vosges
79%
Festival de musique de grande ampleur se tenant chaque année proximité de l'étang de la Véronne et du lac du Malsaucy. Eurockéennes
67%
Fleuve dont les bassins sont reliés par la Trouée de Belfort Rhin
64%
Point culminant du département Ballon d'Alsace
62%
Gentilé Belfortains, Terrifortains
62%
Rhône
53%
Empire qui a séparé le territoire de Belfort de son département d'origine en 1871. Empire allemand
50%
Nombre d'habitants (arrondi à la dizaine de milliers d'habitants) 140 000 (141 852)
44%
Discipline dans lequel s'est illustré Amaury Leveaux, né à Delle, aux jeux olympiques. Natation
42%
Édifice de la préfecture qui a été élu monument préféré des français en 2020. Citadelle
39%
Parc naturel régional situé au nord du département Parc naturel régional des Ballons des Vosges
26%
Aucun quiz correspondant
Distribution des résultats
% des personnes avec chaque résultat
Percentile par nombre de réponses
Votre historique - résultats
Vous n’avez pas pris ce quiz